000 00571nam a22001817a 4500
003 UA-OsUOA
001 6841
007 ta
008 20040602b un ||||| |||| 00| 0 ukr d
100 _aШимін В.
942 _cSA
040 _aUA-OsUOA
_cUA-OsUOA
_dUA-OsUOA
245 _aМетодика обліку та контролю операцій в системі Western Union
300 _aС.31-38
955 _a0
773 0 _w0
_tБухгалтерський облік і аудит
_dКиїв
_d2004
_g№4
650 7 _aБухгалтерський облік
_2UDC
999 _c293002
_d293002